| 000 | 00796nam a2200265 a 4500 | ||
|---|---|---|---|
| 008 | |||
| 020 | _a041231410X (cased) | ||
| 049 | _aMAIN | ||
| 090 | _aQA274.7 | ||
| 100 | 1 | _aDavis, M. H. A. | |
| 245 | 1 | 0 |
_aMarkov models and optimization / _cM. H. A. Davis. |
| 260 |
_aLondon : _bChapman & Hall, _c1993. |
||
| 300 |
_ax, 295 p. ; _c23 cm. |
||
| 440 | 0 | _aMonographs on statistics and applied probability. | |
| 504 | _aIncludes bibliographical references : p.280-286. | ||
| 500 | _aIncludes indexes. | ||
| 650 | 0 | _aMarkov processes. | |
| 650 | 0 | _aMathematical optimization. | |
| 650 | 0 | _aControl theory. | |
| 907 |
_a.b10040407 _b07-05-07 _c17-04-03 |
||
| 003 | |||
| 005 | 20230123133439.0 | ||
| 040 | _cNUST | ||
| 942 |
_cBOOKS _kQA274.7 |
||
| 999 |
_c148733 _d148733 |
||